A companion to women in the ancient world /
Guardado en:
| Otros Autores: | , |
|---|---|
| Formato: | Libro |
| Publicado: |
West Sussex :
Wiley Blackwell,
2012
|
| Materias: | |
| Etiquetas: |
Agregar Etiqueta
Sin Etiquetas, Sea el primero en etiquetar este registro!
|
| LEADER | 00635nam a22002055a 4500 | ||
|---|---|---|---|
| 001 | EHU.bham044949 | ||
| 003 | AR-BHAM | ||
| 005 | 20170906113047.0 | ||
| 008 | 130507s2012##################000#0#####d | ||
| 020 | |a 9781025542 | ||
| 082 | 3 | 0 | |a 305.4093 |
| 245 | 0 | 0 | |a A companion to women in the ancient world / |c Ed. By Sharon L. James, Sheila Dillon |
| 260 | |a West Sussex : |b Wiley Blackwell, |c 2012 | ||
| 300 | |a 616 p. | ||
| 653 | |a Mujer | ||
| 653 | |a Género-mundo antiguo | ||
| 653 | |a Antigüedad-mujer | ||
| 700 | 1 | |a James, Sharon L., ed. | |
| 700 | 1 | |a Dillon, Sheila, ed. | |
| 859 | |a AR-BHAM |b BIB. HUMANIDADES - General |h 305.4093 |i C588 |p 339.17 |t Ej.1 | ||
